[Event "Niedersachsen-ch op-B"]
[Site "Verden"]
[Date "2012.01.02"]
[Round "1"]
[White "Isensee, Lauritz"]
[Black "Spieker, Hans Joachim"]
[Result "0-1"]
[WhiteElo "1249"]
[BlackElo "2018"]
[PlyCount "98"]
[EventDate "2012.01.02"]
[EventType "swiss"]
[EventRounds "7"]
[EventCountry "GER"]
[SourceTitle "EXT 2021"]
[Source "ChessBase"]
[SourceDate "2020.10.23"]
[SourceVersion "1"]
[SourceVersionDate "2020.10.23"]
[SourceQuality "1"]

1. e4 c5 2. Nc3 Nc6 3. Nf3 d6 4. Bc4 Nf6 5. d3 g6 6. h3 Bg7 7. a3 Bd7 8. 0-0 0-0 9. Qe1 a6 10. Bf4 b5 11. Bb3 Nh5 12. Bg3 b4 13. axb4 cxb4 14. Nd1 Qb6 15. Kh2 Nxg3 16. fxg3 a5 17. Ba4 Be6 18. c3 Ne5 19. Nxe5 Bxe5 20. d4 Bg7 21. d5 Bc8 22. Bc6 Bb7 23. Bxb7 Qxb7 24. Qe3 Qb5 25. Rf2 Rac8 26. Qa7 Qd3 27. Qxe7 Be5 28. Qh4 Rc4 29. Rf3 Qe2 30. Re3 Qc2 31. cxb4 Rxb4 32. Qg4 Rd4 33. Re2 Qb3 34. Re3 Qb4 35. Raa3 Qd2 36. Ra1 Rb8 37. Qe2 Qb4 38. Rb1 a4 39. Qe1 Qxe1 40. Rxe1 Rd2 41. Re3 Rc8 42. Ra3 Rc4 43. Nc3 Bxc3 44. bxc3 Rxe4 45. Rb8+ Kg7 46. Rb5 Ree2 47. h4 Rxg2+ 48. Kh3 h5 49. g4 hxg4# 0-1

[Event "Niedersachsen-ch op"]
[Site "Verden"]
[Date "2011.01.02"]
[Round "2"]
[White "Isensee, Lauritz"]
[Black "Rinck, Klaus"]
[Result "0-1"]
[WhiteElo "1068"]
[BlackElo "1553"]
[PlyCount "52"]
[EventDate "2011.01.02"]
[EventType "swiss"]
[EventRounds "7"]
[EventCountry "GER"]
[SourceTitle "EXT 2018"]
[Source "ChessBase"]
[SourceDate "2017.10.13"]
[SourceVersion "1"]
[SourceVersionDate "2017.10.13"]
[SourceQuality "1"]

1. e4 d5 2. exd5 Qxd5 3. Nc3 Qd6 4. Nf3 a6 5. d4 Nf6 6. Bc4 Bg4 7. h3 Bh5 8. g4 Bg6 9. 0-0 Nc6 10. Ne2 0-0-0 11. c3 e5 12. Nxe5 Nxe5 13. Bf4 Nf3+ 14. Kg2 Qc6 15. Bxf7 Bxf7 16. Kg3 Bd6 17. Qd3 Bd5 18. b3 Bxf4+ 19. Nxf4 Be4 20. Qe3 Qd6 21. g5 Nxg5 22. f3 Nxf3 23. Rxf3 Bxf3 24. Kxf3 Rde8 25. Qd3 Rhf8 26. Ng2 Ne4+ 0-1